RRIM training manual on natural rubber processing (Record no. 36370)

MARC details
000 -LEADER
fixed length control field 00426nam a2200157Ia 4500
082 ## - DEWEY DECIMAL CLASSIFICATION NUMBER
Classification number NR:678.021980
Item number RRM
245 #0 - TITLE STATEMENT
Title RRIM training manual on natural rubber processing
260 ## - PUBLICATION, DISTRIBUTION, ETC. (IMPRINT)
Place of publication Kuala Lumpur
Name of publisher RRIM
Year of publication 1980
650 ## - SUBJECT ADDED ENTRY--TOPICAL TERM
Topical Term Latex coagulation
650 ## - SUBJECT ADDED ENTRY--TOPICAL TERM
Topical Term NR Processing
650 ## - SUBJECT ADDED ENTRY--TOPICAL TERM
Topical Term Rubber effluent
650 ## - SUBJECT ADDED ENTRY--TOPICAL TERM
Topical Term Rubber machinery
650 ## - SUBJECT ADDED ENTRY--TOPICAL TERM
Topical Term Tyre rubber
942 ## - ADDED ENTRY ELEMENTS (KOHA)
Koha item type Books
Holdings
Withdrawn status Lost status Damaged status Not for loan Home library Current library Date acquired Cost, normal purchase price Full call number Accession Number Koha item type
        RRII Library RRII Library 16/12/2021 25.00 NR:678.021980 RRM 16777 Books